Name a Little Mix Song A-Z - Statistiques

Statistiques générales
  • Ce quiz a été pris 88 fois
  • Le résultat moyen est 15 sur 22
Statistiques - réponses
Hint Réponse % Correct
B Beep Beep - The Beginning - Between Us - Black Magic - Bounce Back - Boy - Break Up Song - Breathe
95%
S Salute - Secret Love Song - See Me Now - Shout Out to My Ex - Stand Down - Stereo Soldier - Strip - Sweet Melody
95%
W Wasabi - We Are Who We Are - Weird People - Wings - Woman Like Me - Woman's World - Word Up!
93%
L Lightning - Little Me - Love a Girl Right - Love Drunk - Love Me Like You - Love Me or Leave Me - Love (Sweet Love)
89%
N The National Manthem - No - No More Sad Songs - No TIme for Tears - Nobody Like You - Not a Pop Song - Nothing But My Feelings - Nothing Else Matters - Nothing Feels Like You - Notice
84%
D Dear Lover - A Different Beat - DNA - Down & Dirty - Dreamin' Together
82%
T These Four Walls - They Just Don't Know You - Think About Us - Told You So - Touch - Towers - Trash - Turn Your Face
80%
H Hair - Happiness - Heartbreak Anthem - Holiday - How Ya Doin'?
78%
M Madhouse - Make You Believe - A Mess (Happy 4 U) - Monster in Me - More than Words - Motivate - Move - Mr Loverboy - My Love Won't Let You Down
78%
P Power - Pretend It's OK - Private Show
78%
C Cannonball - Case Closed - Change Your Life - Clued Up - Competition - Confetti - The Cure - Cut You Off
76%
O OMG - One I've Been Missing - Only You - Oops
69%
A A.D.I.D.A.S. - About the Boy - Always Be Together - American Boy
64%
F F. U. - Forget You Not - Freak
64%
I I Love You - I Won't - If I Get My Way - If You Want My Love - Is Your Love Enough
62%
Y You Gotta Not - Your Love
56%
R Red Planet - Reggaetón Lento - Rendezvous
55%
G Gloves Up - Going Nowhere - Good Enough - Grown
53%
J Joan of Arc
47%
K Kiss My (Uh-Oh)
29%
E The End
29%
U Une Autre Personne
9%
Aucun quiz correspondant
Distribution des résultats
% des personnes avec chaque résultat
Percentile par nombre de réponses
Votre historique - résultats
Vous n’avez pas pris ce quiz